Načítá se...
Educational reform and planning challenge
| Hlavní autor: | |
|---|---|
| Médium: | Printed Book |
| Jazyk: | English |
| Vydáno: |
New Delhi, Kanishka Publishers
1996 |
| Témata: |
| LEADER | 006700000a22002170004500 | ||
|---|---|---|---|
| 020 | |a 8173911614 | ||
| 041 | |a eng | ||
| 082 | |a 370 N6 | ||
| 100 | |a Ranganathan, Snehlata |9 121634 | ||
| 245 | |a Educational reform and planning challenge | ||
| 260 | |a New Delhi, Kanishka Publishers | ||
| 260 | |a 1996 | ||
| 465 | |a R 495 | ||
| 650 | |a Education system reform |9 121635 | ||
| 650 | |a Educational decentralisation |9 121636 | ||
| 650 | |a Educational reform |9 121637 | ||
| 650 | |a Elementary education |9 121638 | ||
| 650 | |a Legal intervention |9 121639 | ||
| 942 | |c BK | ||
| 999 | |c 168547 |d 168543 | ||
| 952 | |0 0 |1 0 |4 0 |7 0 |9 166969 |a SPS |b SPS |d 2019-04-16 |l 0 |p SPS02512 |r 2019-04-16 |w 2019-04-16 |y BK | ||